000 00718nam a2200217Ia 4500
003 OSt
005 20220924113234.0
006 a|||||r|||| 00| 0
007 ta
008 220923b |||||||| |||| 00| 0 hin d
024 _a216474
037 _cDictionary
040 _aARTS
_cARTS
_bhin
041 _2hin
_ahin
082 _aP111:4k, 152J3(RR)
100 _aश्रीवास्तव, गोपीनाथ, संपा.
_9169778
245 0 _aआंग्ल- हिन्दी पर्याय शब्द-कोष
260 _c1953
942 _hP111:4k, 152J3(RR)
_cdic
_2cc
999 _c389689
_d389689